| 000 | 00601nam a22001817a 4500 | ||
|---|---|---|---|
| 005 | 20231123105208.0 | ||
| 008 | 231123b |||||||| |||| 00| 0 eng d | ||
| 020 | _a0702127663 | ||
| 041 | _aEnglish | ||
| 082 | _a342 BAX | ||
| 100 |
_aHoexter, C _lEnglish |
||
| 245 |
_a1991 Supplement to Baxter's Administrative Law : _bPart III : Administrative Law in the Courts / _cC Hoexter |
||
| 250 | _aFirst Edition | ||
| 260 |
_aCape Town : _bJuta and Company Ltd, _c1992 |
||
| 300 |
_bxxii, 131 pages ; _c25,5 cm. |
||
| 650 |
_aLegal practice _bLaw |
||
| 942 |
_cBK _6ALISON_BN_VRIES |
||
| 999 |
_c889 _d889 |
||